| 000 | 00483nam a2200181Ia 4500 | ||
|---|---|---|---|
| 001 | 4869 | ||
| 005 | 20260306145826.0 | ||
| 008 | 260306t2013||||xx |||||||||||||| ||spa|| | ||
| 041 | _aESP | ||
| 082 |
_a330.155 _bM28 |
||
| 100 |
_aMateos, Oscar _eAUT |
||
| 245 | 0 |
_aCambio de época ¿cambio de rumbo?: _baportaciones y propuestas desde los movimientos sociales |
|
| 260 | _c2013 | ||
| 300 |
_a32 páginas : _c20 cm. |
||
| 650 | _aGEN | ||
| 654 | _aCAN | ||
| 942 |
_cLIB _dJUS _fJUS _2ddc _n |
||
| 999 |
_c4869 _d4869 |
||